Biggest Cities in Peru - Statistics

General Stats
  • This quiz has been taken 25 times
  • The average score is 6 of 10
Answer Stats
Population City % Correct
10,580,241 Lima
100%
490,968 Cusco
88%
949,018 Trujillo
84%
977,496 Arequipa
80%
620,622 Chiclayo
52%
471,521 Piura
48%
327,582 Tacna
48%
470,685 Huancayo
40%
350,281 Chimbote
36%
572,154 Caleta Sanitaria
0%
No matching quizzes found
Score Distribution
Percent of People with Each Score
Percentile by Number Answered
Your Score History
You have not taken this quiz